000 01013nam a22003257a 4500
003 CHAP
005 20220329142517.0
008 010810d2000 mx r 00110 spa d
010 _a84488
011 _a85460
020 _a970613042X
035 _a95993
040 _cCHAP
082 0 4 _a339.2
_bM5Y 1991
100 0 0 _aMiller, Roger Leroy
_975802
245 1 0 _aMacroeconomía moderna
_c/por Roger LeRoy Miller
250 _a7ed.
260 _aMéxico, D.F. :
_bHARLA,
_c1995.
300 _a627 p. :
_bilus. ; gráfs.
500 _aTrad. de : Economics today : the macro view 7ed. de 1991
590 _aBATCH-UPD
_b10
_c20130110
_lUCH01
_h2050
590 _aBATCH-UPD
_b10
_c20130410
_lUCH01
_h1403
590 _aBATCH-UPD
_b10
_c20130914
_lUCH01
_h1737
590 _aCONVERSION
_b10
_c20130109
_lUCH01
_h1347
650 0 4 _aMacroeconomía.
_969550
901 _aBK
905 _aAlejandra Carrasco M.
942 _cLIBRO
949 _a339.2 M5Y 1991
_bBC
_cLIBRO
_d33724000852885
_eLIBRO
_h101209
_i95993
_si
_t$211.50
999 _c84488
_d84488